[Event "Thessaloniki/Chalkidiki-chT"]
[Site "Thessaloniki/Chalkidiki"]
[Date "2019.03.17"]
[Round "8.6"]
[White "Palaiochorinou, Agni"]
[Black "Galani, Anna"]
[Result "0-1"]
[WhiteElo "1148"]
[BlackElo "1611"]
[PlyCount "66"]
[EventDate "2019.01.13"]
[EventType "team-tourn"]
[EventRounds "9"]
[EventCountry "GRE"]
[SourceTitle "EXT 2020"]
[Source "ChessBase"]
[SourceDate "2019.10.17"]
[SourceVersion "1"]
[SourceVersionDate "2019.10.17"]
[SourceQuality "1"]
[WhiteTeam "Polygyrou ASO"]
[BlackTeam "Keravnos MAPO"]
[WhiteTeamCountry "GRE"]
[BlackTeamCountry "GRE"]

1. e4 e6 2. d4 d5 3. e5 c5 4. c3 Nc6 5. Bb5 Bd7 6. Nf3 Qb6 7. Ba4 Nh6 8. Bc2 cxd4 9. cxd4 Bb4+ 10. Nc3 Na5 11. 0-0 Rc8 12. Na4 Qc7 13. Bd2 Bxd2 14. Qxd2 Qxc2 15. Qxa5 Qxa4 16. Qxa4 Bxa4 17. Rac1 0-0 18. b3 Bb5 19. Rfe1 Nf5 20. a4 Bd3 21. g4 Ne7 22. Rxc8 Rxc8 23. Re3 Rc1+ 24. Re1 Rc2 25. Re3 Be4 26. Ne1 Rc1 27. Kf1 Nc6 28. f3 Bg6 29. Ke2 Nxd4+ 30. Kd2 Rb1 31. Rc3 Nxb3+ 32. Ke2 Nd4+ 33. Kf2 Nc6 0-1

[Event "Thessaloniki/Chalkidiki-chT"]
[Site "Thessaloniki/Chalkidiki"]
[Date "2019.02.24"]
[Round "6.6"]
[White "Galani, Anna"]
[Black "Petraki, Evaggelia"]
[Result "0-1"]
[WhiteElo "1611"]
[BlackElo "1775"]
[PlyCount "120"]
[EventDate "2019.01.13"]
[EventType "team-tourn"]
[EventRounds "9"]
[EventCountry "GRE"]
[SourceTitle "EXT 2020"]
[Source "ChessBase"]
[SourceDate "2019.10.17"]
[SourceVersion "1"]
[SourceVersionDate "2019.10.17"]
[SourceQuality "1"]
[WhiteTeam "Keravnos MAPO"]
[BlackTeam "Galaxias"]
[WhiteTeamCountry "GRE"]
[BlackTeamCountry "GRE"]

1. e4 c5 2. Nf3 Nc6 3. d4 cxd4 4. Nxd4 g6 5. c4 Bg7 6. Be3 Qb6 7. Nb5 Qa5+ 8. N1c3 Nf6 9. f3 0-0 10. Qd2 a6 11. Nd4 d6 12. Be2 Bd7 13. 0-0 Nxd4 14. Bxd4 b5 15. Be3 Kh8 16. Rfd1 Rfc8 17. Nd5 Qxd2 18. Rxd2 Nxd5 19. cxd5 h5 20. f4 Rab8 21. Rad1 Bg4 22. Bxg4 hxg4 23. Bd4 Bxd4+ 24. Rxd4 Rc2 25. R4d2 Rbc8 26. Kf2 R8c4 27. Ke3 Kg7 28. e5 g5 29. g3 gxf4+ 30. gxf4 f5 31. exd6 exd6 32. Rxc2 Rxc2 33. a4 Rxb2 34. axb5 axb5 35. Ra1 Rxh2 36. Ra6 Rh3+ 37. Ke2 Rf3 38. Rxd6 Rxf4 39. Ra6 g3 40. Ra3 Rd4 41. Rxg3+ Kf6 42. Rg8 Rxd5 43. Rb8 Ke5 44. Ke3 f4+ 45. Ke2 Ke4 46. Re8+ Re5 47. Rf8 Rf5 48. Re8+ Kd4 49. Kf3 Kc3 50. Rc8+ Kb3 51. Rd8 b4 52. Rc8 Kb2 53. Rb8 b3 54. Rb7 Kc2 55. Rc7+ Kb1 56. Rb7 b2 57. Rb8 Rc5 58. Rh8 Kc2 59. Rh2+ Kb3 60. Rh1 Rc1 0-1

[Event "GRE-ch U20 Girls"]
[Site "Chania"]
[Date "2017.01.07"]
[Round "8.6"]
[White "Filoxeni, Danai"]
[Black "Galani, Anna"]
[Result "0-1"]
[WhiteElo "1509"]
[BlackElo "1468"]
[PlyCount "68"]
[EventDate "2017.01.02"]
[EventType "swiss"]
[EventRounds "9"]
[EventCountry "GRE"]
[SourceTitle "EXT 2024"]
[Source "ChessBase"]
[SourceDate "2023.10.10"]
[SourceVersion "1"]
[SourceVersionDate "2023.10.10"]
[SourceQuality "1"]

1. d4 e6 2. Nf3 c5 3. e3 Nf6 4. Bd3 d5 5. b3 Nc6 6. a3 cxd4 7. exd4 Be7 8. 0-0 0-0 9. Nbd2 b6 10. Bb2 Bb7 11. Qe2 Rc8 12. Ne5 Qc7 13. f4 Rfe8 14. Rac1 Bf8 15. Ndf3 Bd6 16. Qe1 Qe7 17. Ng5 Rf8 18. Rf3 h6 19. Qh4 Bxa3 20. Bxa3 Qxa3 21. Re1 Nxd4 22. Rh3 Ba6 23. Ngf3 Nxf3+ 24. Rxf3 Bxd3 25. Rxd3 Rxc2 26. Rg3 Kh7 27. Nf3 Qc5+ 28. Kh1 Rc1 29. Ng5+ Kh8 30. Nf3 Rxe1+ 31. Nxe1 Qf2 32. Nf3 Qf1+ 33. Ng1 d4 34. Qh3 Ne4 0-1

[Event "GRE-ch U20 Girls"]
[Site "Chania"]
[Date "2017.01.05"]
[Round "6.9"]
[White "Galani, Anna"]
[Black "Galani, Dimitra"]
[Result "1-0"]
[WhiteElo "1468"]
[BlackElo "1496"]
[PlyCount "107"]
[EventDate "2017.01.02"]
[EventType "swiss"]
[EventRounds "9"]
[EventCountry "GRE"]
[SourceTitle "EXT 2024"]
[Source "ChessBase"]
[SourceDate "2023.10.10"]
[SourceVersion "1"]
[SourceVersionDate "2023.10.10"]
[SourceQuality "1"]

1. e4 c6 2. d4 d5 3. Nc3 dxe4 4. Nxe4 Bf5 5. Ng3 Bg6 6. h4 h6 7. Nf3 Nd7 8. h5 Bh7 9. Bd3 Bxd3 10. Qxd3 e6 11. Bd2 Qc7 12. 0-0-0 Ngf6 13. Ne4 0-0-0 14. g3 Nxe4 15. Qxe4 Nf6 16. Qe2 Bd6 17. c4 c5 18. Bc3 cxd4 19. Nxd4 a6 20. Kb1 Rd7 21. Rc1 Kb8 22. Nf3 Qc6 23. Ne5 Bxe5 24. Bxe5+ Ka8 25. f4 Rc8 26. Rhd1 Rcd8 27. Rxd7 Qxd7 28. g4 Qd2 29. Qxd2 Rxd2 30. Rg1 Ka7 31. Kc1 Rd7 32. c5 a5 33. g5 hxg5 34. fxg5 Ne4 35. h6 Nxg5 36. Rxg5 gxh6 37. Rh5 f5 38. Rxh6 Rd5 39. Bd6 Rd4 40. Rxe6 f4 41. Rf6 Rc4+ 42. Kd2 Rb4 43. Kc3 Ka6 44. Bxf4+ Kb5 45. Bd6 Kc6 46. Bf8+ Kc7 47. c6 Rh4 48. cxb7 Kxb7 49. Rd6 Kc7 50. Rd4 Rxd4 51. Kxd4 Kb7 52. Kc4 Kc6 53. Be7 Kb7 54. Kb5 1-0

[Event "GRE-ch U20 Girls"]
[Site "Chania"]
[Date "2017.01.03"]
[Round "3.11"]
[White "Galani, Anna"]
[Black "Aleiferi, Aikaterini"]
[Result "1-0"]
[WhiteElo "1468"]
[BlackElo "1104"]
[PlyCount "55"]
[EventDate "2017.01.02"]
[EventType "swiss"]
[EventRounds "9"]
[EventCountry "GRE"]
[SourceTitle "EXT 2024"]
[Source "ChessBase"]
[SourceDate "2023.10.10"]
[SourceVersion "1"]
[SourceVersionDate "2023.10.10"]
[SourceQuality "1"]

1. e4 e5 2. Nf3 Nc6 3. Bb5 a6 4. Ba4 Nf6 5. 0-0 Be7 6. c3 d6 7. Re1 b5 8. Bc2 Na5 9. d3 c5 10. Nbd2 Nc6 11. Nf1 0-0 12. Ng3 Bg4 13. h3 Bxf3 14. Qxf3 Qc7 15. Nf5 Rfd8 16. Qg3 g6 17. Nh6+ Kf8 18. Bg5 Nh5 19. Qg4 Bxg5 20. Qxg5 Qe7 21. Qg4 Qf6 22. Bb3 Qf4 23. Nxf7 Rdb8 24. Qd7 Nd8 25. Nxd6 Nf6 26. Qc7 Qd2 27. Qxc5 Qxd3 28. Nf5+ 1-0

[Event "GRE-chT 44th"]
[Site "Achaia"]
[Date "2016.07.10"]
[Round "7.2"]
[White "Galani, Anna"]
[Black "Lemoni, Maria Ioanna"]
[Result "0-1"]
[WhiteElo "1519"]
[BlackElo "1684"]
[PlyCount "76"]
[EventDate "2016.07.05"]
[EventType "team-swiss"]
[EventRounds "7"]
[EventCountry "GRE"]
[SourceTitle "CBM 173 Extra"]
[Source "ChessBase"]
[SourceDate "2016.08.29"]
[SourceVersion "1"]
[SourceVersionDate "2016.08.29"]
[SourceQuality "1"]
[WhiteTeam "Oreokastrou Marion"]
[BlackTeam "Nikaia Fysiolatris"]
[WhiteTeamCountry "GRE"]
[BlackTeamCountry "GRE"]

1. e4 c5 2. Na3 g6 3. c3 Bg7 4. d3 Nc6 5. f4 d6 6. Nf3 Nf6 7. Be2 0-0 8. 0-0 a6 9. Qe1 e6 10. Nc2 b5 11. Ne3 Qb6 12. Kh1 c4 13. a4 Bb7 14. e5 cxd3 15. Bxd3 Nd7 16. exd6 Nc5 17. Bc2 Rfd8 18. Ng4 b4 19. cxb4 Nxb4 20. Qe2 Nxc2 21. Qxc2 Be4 22. a5 Qxd6 23. Qf2 Rac8 24. Nge5 Nb3 25. Ra4 Bc6 26. Nxc6 Qxc6 27. Ra3 Nxc1 28. Ne5 Qc2 29. Qxc2 Rxc2 30. b4 Bxe5 31. fxe5 Nd3 32. Rb3 Rc1 33. Kg1 Rxf1+ 34. Kxf1 Nxe5 35. Ke2 Nc6 36. Rb1 Rb8 37. b5 Rxb5 38. Rxb5 Nd4+ 0-1

[Event "GRE-chT 44th"]
[Site "Achaia"]
[Date "2016.07.05"]
[Round "1.8"]
[White "Galani, Anna"]
[Black "Giannoulaki, Ermofili"]
[Result "1-0"]
[WhiteElo "1519"]
[BlackElo "1153"]
[PlyCount "99"]
[EventDate "2016.07.05"]
[EventType "team-swiss"]
[EventRounds "7"]
[EventCountry "GRE"]
[SourceTitle "CBM 173 Extra"]
[Source "ChessBase"]
[SourceDate "2016.08.29"]
[SourceVersion "1"]
[SourceVersionDate "2016.08.29"]
[SourceQuality "1"]
[WhiteTeam "Oreokastrou Marion"]
[BlackTeam "Naples Sykeon"]
[WhiteTeamCountry "GRE"]
[BlackTeamCountry "GRE"]

1. e4 d6 2. d4 Nf6 3. Nc3 Nbd7 4. Nf3 e5 5. Bc4 Be7 6. 0-0 0-0 7. Re1 c6 8. a4 a5 9. Bg5 Qc7 10. h3 h6 11. Bh4 Re8 12. Bg3 b6 13. Bb3 Bb7 14. Nh4 Nf8 15. Nf5 Ne6 16. Qd2 exd4 17. Nxd4 Nxd4 18. Qxd4 Nd7 19. Qc4 Rf8 20. Nd5 Qd8 21. Nxe7+ Qxe7 22. Rad1 d5 23. exd5 cxd5 24. Rxe7 dxc4 25. Rexd7 Bc8 26. Rxf7 Kxf7 27. Bxc4+ Be6 28. Rd7+ Kf6 29. Rd6 Rfe8 30. Rxb6 Kf7 31. Bb5 Rec8 32. Rb7+ Kg8 33. c3 Rd8 34. Be5 Bf7 35. Bd4 Rab8 36. Re7 Kf8 37. Ra7 Ra8 38. Rxa8 Rxa8 39. Bc5+ Kg8 40. Kf1 Rd8 41. Ke2 Bb3 42. Bb6 Rd1 43. Bc4+ Kh8 44. Bxb3 Rb1 45. Kd3 Rxb2 46. Kc4 Rb1 47. Bxa5 Rg1 48. g3 Rh1 49. h4 Rf1 50. Bb6 1-0

[Event "GRE-ch U16 Girls"]
[Site "Porto Rio"]
[Date "2016.07.03"]
[Round "8"]
[White "Galani, Anna"]
[Black "Mastrakouli, Evagelia"]
[Result "0-1"]
[WhiteElo "1519"]
[BlackElo "1685"]
[PlyCount "52"]
[EventDate "2016.06.28"]
[EventType "swiss"]
[EventRounds "9"]
[EventCountry "GRE"]
[SourceTitle "CBM 173 Extra"]
[Source "ChessBase"]
[SourceDate "2016.08.29"]
[SourceVersion "1"]
[SourceVersionDate "2016.08.29"]
[SourceQuality "1"]

1. d4 Nf6 2. c4 g6 3. Nc3 Bg7 4. e4 d6 5. Nf3 0-0 6. Be2 e5 7. 0-0 Nc6 8. d5 Ne7 9. b4 a5 10. Ba3 axb4 11. Bxb4 b6 12. a4 Nd7 13. Nb5 f5 14. Nd2 Nc5 15. f3 Bh6 16. Bxc5 bxc5 17. Nb3 Be3+ 18. Kh1 f4 19. Ra2 g5 20. a5 Rf6 21. Qa1 Rh6 22. Bd1 Qf8 23. g3 fxg3 24. Re1 Qf4 25. Rg2 Bh3 26. Rxg3 Qxg3 0-1

[Event "GRE-ch U16 Girls"]
[Site "Porto Rio"]
[Date "2016.06.30"]
[Round "4"]
[White "Galani, Anna"]
[Black "Aggelopoulou, Alexandra"]
[Result "1-0"]
[WhiteElo "1519"]
[BlackElo "1047"]
[PlyCount "61"]
[EventDate "2016.06.28"]
[EventType "swiss"]
[EventRounds "9"]
[EventCountry "GRE"]
[SourceTitle "CBM 173 Extra"]
[Source "ChessBase"]
[SourceDate "2016.08.29"]
[SourceVersion "1"]
[SourceVersionDate "2016.08.29"]
[SourceQuality "1"]

1. e4 e5 2. Nf3 Nc6 3. Bb5 Nge7 4. 0-0 g6 5. c3 Bg7 6. d3 0-0 7. Nbd2 Nb8 8. Re1 c6 9. Ba4 Qc7 10. h4 d5 11. Nf1 Rd8 12. Qe2 Bg4 13. Ne3 Bxf3 14. Qxf3 d4 15. cxd4 Qa5 16. Qd1 exd4 17. Ng4 Nd7 18. Bb3 Ne5 19. Nh6+ Kf8 20. Rf1 Ng8 21. Nxg8 Kxg8 22. f4 Nd7 23. f5 Rf8 24. Qg4 Ne5 25. Qg3 Qd8 26. h5 gxh5 27. f6 Ng6 28. fxg7 Kxg7 29. Bf4 b5 30. Bd6 Re8 31. Bxf7 1-0

[Event "GRE-ch U16 Girls"]
[Site "Porto Rio"]
[Date "2016.06.29"]
[Round "3"]
[White "Pramateftaki, Loukia"]
[Black "Galani, Anna"]
[Result "1-0"]
[WhiteElo "1636"]
[BlackElo "1519"]
[PlyCount "133"]
[EventDate "2016.06.28"]
[EventType "swiss"]
[EventRounds "9"]
[EventCountry "GRE"]
[SourceTitle "CBM 173 Extra"]
[Source "ChessBase"]
[SourceDate "2016.08.29"]
[SourceVersion "1"]
[SourceVersionDate "2016.08.29"]
[SourceQuality "1"]

1. e4 c5 2. Nf3 e6 3. d4 cxd4 4. Nxd4 Nf6 5. Nc3 d6 6. g3 Be7 7. Bg2 0-0 8. 0-0 a6 9. Be3 Qc7 10. a4 Bd7 11. a5 Nc6 12. Nxc6 Bxc6 13. Qe2 Rac8 14. Bb6 Qb8 15. Rfd1 Bd8 16. Be3 Bc7 17. h4 Rfd8 18. Bg5 b6 19. axb6 Qxb6 20. Rxa6 Qb7 21. Ra2 Ra8 22. Rda1 Rxa2 23. Rxa2 h6 24. Bxf6 gxf6 25. Qa6 Rb8 26. Qxb7 Rxb7 27. Ra6 Rb6 28. Rxb6 Bxb6 29. b4 Bd4 30. Ne2 Bb6 31. c4 Ba4 32. Nc3 Bb3 33. Bf1 Bc2 34. Kg2 d5 35. exd5 exd5 36. cxd5 Kf8 37. Kf3 Ke7 38. Bc4 Kd6 39. Nb5+ Ke5 40. d6 Be4+ 41. Ke2 Bc6 42. f4+ Kf5 43. Nc7 Kg4 44. Bd5 Bd7 45. b5 Kxg3 46. Bc6 Bg4+ 47. Kd3 Kxh4 48. Nd5 Bd8 49. b6 Bc8 50. b7 Bxb7 51. Bxb7 Kg4 52. Ke4 h5 53. Bc8+ Kg3 54. Ne3 Kf2 55. Nf5 Kg2 56. d7 Kh3 57. Nh6 Kg3 58. Nxf7 Bc7 59. d8Q Bxd8 60. Nxd8 h4 61. Nf7 h3 62. Bxh3 Kxh3 63. Kf5 Kg3 64. Nh6 Kf3 65. Ng8 Kg3 66. Nxf6 Kh4 67. Ke6 1-0

[Event "GRE-chT 43rd"]
[Site "Porto Rio"]
[Date "2015.10.12"]
[Round "7.6"]
[White "Vozinaki, Anthi Maria"]
[Black "Galani, Anna"]
[Result "1-0"]
[WhiteElo "1811"]
[BlackElo "1520"]
[PlyCount "95"]
[EventDate "2015.10.08"]
[EventType "team-swiss"]
[EventRounds "7"]
[EventCountry "GRE"]
[SourceTitle "CBM 168 Extra"]
[Source "ChessBase"]
[SourceDate "2015.10.29"]
[SourceVersion "1"]
[SourceVersionDate "2015.10.29"]
[SourceQuality "1"]
[WhiteTeam "Chania ADA"]
[BlackTeam "Orekastro Marion"]
[WhiteTeamCountry "GRE"]
[BlackTeamCountry "GRE"]

1. e4 d6 2. d4 Nf6 3. Nc3 c6 4. a4 Qc7 5. Nf3 Bg4 6. Be2 e5 7. 0-0 Be7 8. Be3 0-0 9. h3 Bh5 10. Nd2 Bxe2 11. Qxe2 Re8 12. dxe5 dxe5 13. Qc4 Nbd7 14. a5 Qd6 15. Rfd1 Qb4 16. Qd3 Nc5 17. Bxc5 Qxc5 18. Nb3 Qb4 19. Ra4 Qd6 20. Qxd6 Bxd6 21. Rxd6 Rad8 22. Rxd8 Rxd8 23. Ra1 Kf8 24. f3 Ke7 25. Kf2 Nh5 26. Rd1 Rc8 27. Na4 Nf4 28. Nbc5 Rc7 29. h4 h6 30. g3 Nh5 31. Rd3 Nf6 32. Rb3 Kd6 33. Rxb7 Nd7 34. Rxc7 Kxc7 35. Nxd7 Kxd7 36. Ke3 Kc7 37. Kd3 Kd6 38. Kc4 h5 39. Nc3 f6 40. Na2 g6 41. Nb4 g5 42. b3 gxh4 43. gxh4 Ke6 44. Nxc6 f5 45. Nxa7 fxe4 46. fxe4 Kd6 47. a6 Kc7 48. Nb5+ 1-0

[Event "GRE-chT 43rd"]
[Site "Porto Rio"]
[Date "2015.10.10"]
[Round "5.6"]
[White "Fragou, Maria V"]
[Black "Galani, Anna"]
[Result "1-0"]
[WhiteElo "1290"]
[BlackElo "1520"]
[PlyCount "73"]
[EventDate "2015.10.08"]
[EventType "team-swiss"]
[EventRounds "7"]
[EventCountry "GRE"]
[SourceTitle "CBM 168 Extra"]
[Source "ChessBase"]
[SourceDate "2015.10.29"]
[SourceVersion "1"]
[SourceVersionDate "2015.10.29"]
[SourceQuality "1"]
[WhiteTeam "Kalamata Poseidon"]
[BlackTeam "Orekastro Marion"]
[WhiteTeamCountry "GRE"]
[BlackTeamCountry "GRE"]

1. d4 d6 2. Nf3 Nf6 3. e3 Nbd7 4. c4 e5 5. Nc3 c6 6. Be2 Be7 7. 0-0 0-0 8. b3 Qe8 9. Bb2 Bd8 10. Re1 Qe7 11. Ba3 Ba5 12. b4 Bc7 13. Qb3 a6 14. Red1 b5 15. Rac1 Nb6 16. c5 dxc5 17. dxc5 Nbd5 18. Nxd5 Nxd5 19. Nd2 e4 20. Qc2 Re8 21. Nb3 Qg5 22. Rd4 Bh3 23. Bf1 f5 24. Kh1 Bg4 25. Na5 Re6 26. g3 Bf3+ 27. Bg2 Qg4 28. Kg1 Bxg2 29. Kxg2 Qf3+ 30. Kg1 Nxe3 31. fxe3 Qxe3+ 32. Qf2 Qxa3 33. Rcd1 Be5 34. Rd8+ Rxd8 35. Rxd8+ Kf7 36. Qxf5+ Ke7 37. Qf8# 1-0

[Event "GRE-chT 43rd"]
[Site "Porto Rio"]
[Date "2015.10.08"]
[Round "2.6"]
[White "Galani, Anna"]
[Black "Anthopoulou, Ioanna"]
[Result "1-0"]
[WhiteElo "1520"]
[BlackElo "1269"]
[PlyCount "97"]
[EventDate "2015.10.08"]
[EventType "team-swiss"]
[EventRounds "7"]
[EventCountry "GRE"]
[SourceTitle "CBM 168 Extra"]
[Source "ChessBase"]
[SourceDate "2015.10.29"]
[SourceVersion "1"]
[SourceVersionDate "2015.10.29"]
[SourceQuality "1"]
[WhiteTeam "Orekastro Marion"]
[BlackTeam "Papagou"]
[WhiteTeamCountry "GRE"]
[BlackTeamCountry "GRE"]

1. e4 e5 2. Nf3 Nc6 3. Bb5 a6 4. Ba4 Nf6 5. 0-0 d6 6. Re1 b5 7. Bb3 Na5 8. c3 Nxb3 9. axb3 c5 10. d3 Qc7 11. Nbd2 Be7 12. c4 Bb7 13. Nf1 0-0 14. Ng3 g6 15. h3 Rfe8 16. Nh2 Bf8 17. Qf3 Bg7 18. Bg5 Re6 19. Ng4 Nxg4 20. Qxg4 Kh8 21. Qh4 Rg8 22. Re3 Bc8 23. Rf3 Qb7 24. Rb1 bxc4 25. bxc4 a5 26. Nf1 Qc7 27. Ne3 Bb7 28. Ng4 Bc6 29. Nf6 Bxf6 30. Bxf6+ Rg7 31. Qh6 Rxf6 32. Rxf6 Bd7 33. Ra1 Qb6 34. Qd2 a4 35. Qe2 Kg8 36. f4 exf4 37. e5 Qc7 38. exd6 Qd8 39. Qe7 Qc8 40. Rb1 h6 41. Rf1 g5 42. Rxh6 Be6 43. Ra1 Bd7 44. Qf6 Qe8 45. Rh5 g4 46. Rg5 Qf8 47. Rxg7+ Qxg7 48. Qd8+ Qf8 49. Qxd7 1-0

[Event "Vratsa op (Women)"]
[Site "Vratsa"]
[Date "2015.07.22"]
[Round "4"]
[White "Petkova, Denitsa"]
[Black "Galani, Anna"]
[Result "1/2-1/2"]
[WhiteElo "1470"]
[BlackElo "1450"]
[PlyCount "61"]
[EventDate "2015.07.20"]
[EventType "swiss"]
[EventRounds "9"]
[EventCountry "BUL"]
[SourceTitle "CBM 167 Extra"]
[Source "ChessBase"]
[SourceDate "2015.09.14"]
[SourceVersion "1"]
[SourceVersionDate "2015.09.14"]
[SourceQuality "1"]

1. e4 d6 2. d4 Nf6 3. Nc3 c6 4. Nf3 Bg4 5. Be2 Nbd7 6. 0-0 e5 7. h3 Bh5 8. Be3 Be7 9. Nd2 Bxe2 10. Qxe2 0-0 11. Nb3 b5 12. a3 a6 13. f4 Re8 14. g4 g6 15. Qg2 exd4 16. Nxd4 Qc7 17. g5 Nh5 18. f5 Bf8 19. Qf2 Nc5 20. Qf3 d5 21. fxg6 fxg6 22. exd5 Ne4 23. Nxe4 Rxe4 24. Qxe4 Qg3+ 25. Qg2 Qxe3+ 26. Qf2 Qxg5+ 27. Qg2 Qe3+ 28. Qf2 Qg5+ 29. Qg2 Qe3+ 30. Qf2 Qg5+ 31. Qg2 1/2-1/2

[Event "Vratsa op (Women)"]
[Site "Vratsa"]
[Date "2015.07.21"]
[Round "2"]
[White "Krasteva, Beloslava"]
[Black "Galani, Anna"]
[Result "1-0"]
[WhiteElo "1760"]
[BlackElo "1450"]
[PlyCount "57"]
[EventDate "2015.07.20"]
[EventType "swiss"]
[EventRounds "9"]
[EventCountry "BUL"]
[SourceTitle "CBM 167 Extra"]
[Source "ChessBase"]
[SourceDate "2015.09.14"]
[SourceVersion "1"]
[SourceVersionDate "2015.09.14"]
[SourceQuality "1"]

1. d4 e6 2. c4 b6 3. Nc3 Bb7 4. e3 f5 5. Nf3 Bb4 6. a3 Bxc3+ 7. bxc3 Nf6 8. Bd3 d6 9. 0-0 Ne4 10. Qc2 Nd7 11. Nd2 Ndf6 12. f3 Nxd2 13. Bxd2 Nh5 14. d5 g6 15. dxe6 Qe7 16. e4 f4 17. Qa4+ c6 18. Rfe1 0-0 19. Rad1 Qxe6 20. c5 b5 21. Qd4 Rfd8 22. Bb1 Bc8 23. Bc1 d5 24. Ba2 Bb7 25. exd5 Qf6 26. dxc6+ Kf8 27. Qxf6+ Nxf6 28. cxb7 Rab8 29. c6 1-0

[Event "GRE-chT 42nd"]
[Site "Porto Rio"]
[Date "2014.07.03"]
[Round "7.7"]
[White "Galani, Anna"]
[Black "Pournara, Stavroula"]
[Result "0-1"]
[WhiteElo "1236"]
[BlackElo "1278"]
[PlyCount "131"]
[EventDate "2014.06.28"]
[EventType "team-swiss"]
[EventRounds "7"]
[EventCountry "GRE"]
[SourceTitle "CBM 161 Extra"]
[Source "ChessBase"]
[SourceDate "2014.08.29"]
[SourceVersion "1"]
[SourceVersionDate "2014.08.29"]
[SourceQuality "1"]
[WhiteTeam "Mapou Thunder"]
[BlackTeam "Panionios GS"]
[WhiteTeamCountry "GRE"]
[BlackTeamCountry "GRE"]

1. e4 e6 2. d4 d5 3. Nd2 Nf6 4. e5 Nfd7 5. Bd3 c5 6. c3 Nc6 7. Ngf3 Qb6 8. Qa4 cxd4 9. cxd4 a6 10. 0-0 Qa7 11. Nb1 b5 12. Qd1 Nxd4 13. Re1 Nc6 14. Nc3 Bc5 15. Qe2 Nd4 16. Nxd4 Bxd4 17. Bf4 Bb7 18. Rac1 Qb8 19. Qh5 h6 20. h4 Ke7 21. Qe2 Qg8 22. Qg4 g6 23. Bxh6 Bxe5 24. Bg5+ Bf6 25. Bxf6+ Nxf6 26. Qg5 Qh7 27. g3 Qg7 28. Ne2 Kd7 29. Qe5 Ne8 30. Rc7+ Kd8 31. Qxg7 Nxg7 32. Rxb7 Rf8 33. Rc1 Ne8 34. Nd4 Nd6 35. Nc6+ Kc8 36. Na5+ Kd8 37. Rbc7 Nc4 38. Rc5 Nxa5 39. b4 Nc4 40. Bxc4 dxc4 41. Rd1+ Ke7 42. Rc7+ Kf6 43. Rd6 Rfd8 44. Rcc6 Rxd6 45. Rxd6 Rc8 46. Kf1 c3 47. Rd1 Ke5 48. Ke2 Ke4 49. f3+ Ke5 50. Ke3 c2 51. Rc1 Rc3+ 52. Ke2 Kd4 53. g4 Re3+ 54. Kf2 Rc3 55. Ke2 Kc4 56. h5 gxh5 57. gxh5 Kxb4 58. h6 Rc8 59. h7 Kc3 60. Rh1 Rh8 61. Ke3 b4 62. Kf4 Kb2 63. Rh2 Kb1 64. Rh1+ c1Q+ 65. Rxc1+ Kxc1 66. Ke5 0-1

[Event "GRE-chT 42nd"]
[Site "Porto Rio"]
[Date "2014.06.30"]
[Round "4.7"]
[White "Galani, Anna"]
[Black "Vozinaki, Anthi Maria"]
[Result "0-1"]
[WhiteElo "1236"]
[BlackElo "1538"]
[PlyCount "70"]
[EventDate "2014.06.28"]
[EventType "team-swiss"]
[EventRounds "7"]
[EventCountry "GRE"]
[SourceTitle "CBM 161 Extra"]
[Source "ChessBase"]
[SourceDate "2014.08.29"]
[SourceVersion "1"]
[SourceVersionDate "2014.08.29"]
[SourceQuality "1"]
[WhiteTeam "Mapou Thunder"]
[BlackTeam "Chania ADA"]
[WhiteTeamCountry "GRE"]
[BlackTeamCountry "GRE"]

1. e4 c5 2. Nf3 e6 3. d4 cxd4 4. Nxd4 Nf6 5. Nc3 d6 6. g4 a6 7. g5 Nfd7 8. Qh5 Nc5 9. Be3 Qc7 10. f4 b5 11. Bg2 b4 12. Nd1 Bb7 13. Nf2 e5 14. Ne2 Nbd7 15. f5 Rc8 16. g6 fxg6 17. fxg6 Nf6 18. Qf5 Na4 19. b3 Nc3 20. Ng3 Nb5 21. gxh7 Qc3+ 22. Ke2 Qxc2+ 23. Kf3 Rc3 24. Qe6+ Kd8 25. Nf5 Nxe4 26. Kg4 Nxf2+ 27. Bxf2 Bxg2 28. Bh4+ Kc7 29. Qf7+ Kc6 30. Qe8+ Kb6 31. Qb8+ Bb7 32. Bd8+ Nc7 33. Bxc7+ Rxc7 34. Rhe1 Qg2+ 35. Kh4 Rxh7+ 0-1

[Event "GRE-chT 41st"]
[Site "Achaia"]
[Date "2013.07.06"]
[Round "6.7"]
[White "Bouza, Mirto Eleni"]
[Black "Galani, Anna"]
[Result "1-0"]
[WhiteElo "1326"]
[BlackElo "1137"]
[PlyCount "63"]
[EventDate "2013.07.02"]
[EventType "team-swiss"]
[EventRounds "7"]
[EventCountry "GRE"]
[SourceTitle "CBM 155 Extra"]
[Source "ChessBase"]
[SourceDate "2013.08.26"]
[SourceVersion "1"]
[SourceVersionDate "2013.08.26"]
[SourceQuality "1"]
[WhiteTeam "Glifadas Zenon"]
[BlackTeam "Marion Thunder Oreokastrou"]
[WhiteTeamCountry "GRE"]
[BlackTeamCountry "GRE"]

1. e4 c6 2. d4 d5 3. exd5 cxd5 4. Bd3 Nc6 5. c3 Nf6 6. Bf4 e6 7. Nf3 Be7 8. 0-0 Bd7 9. Nbd2 0-0 10. Qc2 h6 11. Rae1 Be8 12. h3 Bd6 13. Bxd6 Qxd6 14. Ne5 Qc7 15. f4 Nd7 16. Rf3 Ndxe5 17. fxe5 Rc8 18. Qb1 Ne7 19. Ref1 a6 20. R1f2 Bd7 21. Bh7+ Kh8 22. Rxf7 Rxf7 23. Rxf7 Nf5 24. Bxf5 exf5 25. e6 Qc6 26. exd7 Rg8 27. Qxf5 Qd6 28. Qe5 Qxe5 29. dxe5 Rd8 30. e6 Kg8 31. e7 Kxf7 32. exd8Q 1-0

[Event "GRE-chT 41st"]
[Site "Achaia"]
[Date "2013.07.03"]
[Round "3.7"]
[White "Galani, Anna"]
[Black "Kokkota, Fotini"]
[Result "0-1"]
[WhiteElo "1137"]
[BlackElo "1501"]
[PlyCount "84"]
[EventDate "2013.07.02"]
[EventType "team-swiss"]
[EventRounds "7"]
[EventCountry "GRE"]
[SourceTitle "CBM 155 Extra"]
[Source "ChessBase"]
[SourceDate "2013.08.26"]
[SourceVersion "1"]
[SourceVersionDate "2013.08.26"]
[SourceQuality "1"]
[WhiteTeam "Marion Thunder Oreokastrou"]
[BlackTeam "Corinth Argonaftis"]
[WhiteTeamCountry "GRE"]
[BlackTeamCountry "GRE"]

1. e4 c5 2. Nf3 d6 3. d4 cxd4 4. Nxd4 Nf6 5. Nc3 a6 6. Be3 e5 7. Nb3 Be6 8. Qd2 Be7 9. 0-0-0 Nbd7 10. Kb1 0-0 11. f3 b5 12. a3 Nb6 13. Na5 Qc7 14. g4 Nc4 15. Nxc4 bxc4 16. Nd5 Bxd5 17. exd5 Rab8 18. Qc3 Rfc8 19. h4 Qb7 20. Bc1 Nxd5 21. Qd2 Nf4 22. Qc3 Nd5 23. Qd2 Nb6 24. Qa5 Rc5 25. Qd2 Na4 26. c3 Qxf3 27. Rh3 Qb7 28. Ka1 d5 29. Re1 e4 30. Re2 Ra5 31. Qc2 Nc5 32. Rhh2 Rb5 33. Bf4 Rd8 34. Rhg2 Nd3 35. Bc1 Rb8 36. a4 Ra5 37. Ka2 Nxc1+ 38. Qxc1 Rxa4+ 39. Kb1 Qb3 40. Qc2 Qa2+ 41. Kc1 Qa1+ 42. Kd2 Rxb2 0-1